| 000 | 00857nam a22002897a 4500 | ||
|---|---|---|---|
| 003 | CHAP | ||
| 005 | 20220817043112.0 | ||
| 008 | 971010s1975 r 00010 d | ||
| 010 | _a65771 | ||
| 011 | _a66743 | ||
| 035 | _a75648 | ||
| 040 | _cCHAP | ||
| 082 |
_a581.15 _bG7 |
||
| 100 | 0 | 0 |
_aGrant, Verne. _950433 |
| 245 | _aGenetics of flowering plants | ||
| 260 |
_aNew York : _bColumbia University, _c1975 |
||
| 300 |
_a514 p. _b: ilus. ; gráfs. |
||
| 590 |
_aBATCH-UPD _b10 _c20130110 _lUCH01 _h0924 |
||
| 590 |
_aBATCH-UPD _b10 _c20130410 _lUCH01 _h0546 |
||
| 590 |
_aBATCH-UPD _b10 _c20130914 _lUCH01 _h0334 |
||
| 590 |
_aCONVERSION _b10 _c20130109 _lUCH01 _h1336 |
||
| 650 | 1 | 4 |
_aAngiospermas. _95797 |
| 650 | 1 | 4 | _aGenética vegetal. |
| 901 | _aBK | ||
| 942 | _cLIBRO | ||
| 949 |
_a581.15 G7 _bBC _cLIBRO _d33724000547832 _eLIBRO _h33717 _i75648 _si _t330.00 |
||
| 999 |
_c65771 _d65771 |
||